Mystery Taylor Swift Song #48 - Statistics

General Stats
  • This quiz has been taken 581 times
  • The average score is 109 of 165
Answer Stats
Song % Correct
I
98%
you
96%
"You
96%
a
94%
me?"
92%
me
92%
it)
91%
it
91%
the
90%
what
90%
when
89%
My
87%
my
87%
On
87%
Reputation
87%
So
87%
to
87%
He
85%
want
85%
call
84%
Call
84%
(Call
84%
I'm
83%
And
82%
his
82%
but
81%
But
81%
is
80%
like
80%
because
79%
'Cause
79%
ever
79%
one
79%
know
78%
Not
78%
They
78%
wear
78%
yeah
78%
are
77%
it's
77%
with
77%
did
76%
don't
76%
for
76%
All
75%
was
75%
he's
74%
say
74%
can
73%
at
72%
new
72%
than
72%
him
71%
look
71%
down
70%
head
70%
Walkin'
70%
as
69%
baby's
69%
from
69%
lover
69%
neck
69%
chain
68%
daydream
68%
knows
68%
brand
67%
Call it What You Want
67%
loves
67%
really
67%
thing
67%
owns
66%
'round
66%
better
65%
jet
65%
right
65%
fly
64%
just
64%
stream
64%
time
64%
up
64%
doing
63%
initial
63%
(would
63%
would
63%
brought
62%
every
62%
fit
62%
said
62%
whole
62%
calling
61%
castle
61%
gunfight
61%
High
61%
knife
61%
make
61%
never
61%
night
61%
scene
61%
above
60%
alright
60%
away?)
60%
away
60%
overnight
60%
crumbled
59%
heard
59%
liars
59%
months
59%
more
59%
run
59%
took
59%
mistakes
57%
Nobody's
56%
nothin'
56%
same
56%
crown
55%
least
55%
need
55%
back
54%
brother
54%
keep
54%
kings
53%
November
53%
Holdin'
52%
under
52%
warm
52%
Which
52%
built
51%
burn
51%
fire
51%
jokers
51%
late
51%
learn
51%
recall
51%
Bridges
50%
darkest
50%
dressin'
50%
fade
50%
laughin'
50%
save
50%
Trust
50%
eyes
49%
after
48%
covers
48%
storm
48%
flowers
47%
grew
47%
makin'
47%
thorns
47%
breath
46%
taking
46%
forts
44%
queens
44%
slowly
44%
swings
44%
Windows
44%
Starry
43%
drama
42%
boarded
39%
sparkin'
36%
Yes
34%
No matching quizzes found
Score Distribution
Percent of People with Each Score
Percentile by Number Answered
Your Score History
You have not taken this quiz